To Study the Leave System of The Nursing Staff Working with Deenanath Mangeshkar Hospital (Record no. 69470)

MARC details
000 -LEADER
fixed length control field 00412nam a2200145Ia 4500
008 - FIXED-LENGTH DATA ELEMENTS--GENERAL INFORMATION
fixed length control field 221007s9999 xx 000 0 und d
041 ## - LANGUAGE CODE
Language code of text/sound track or separate title eng
082 ## - DEWEY DECIMAL CLASSIFICATION NUMBER
Item number JAW
100 ## - MAIN ENTRY--PERSONAL NAME
Personal name Jawadekar M (2k6407)
9 (RLIN) 102308
245 ## - TITLE STATEMENT
Title To Study the Leave System of The Nursing Staff Working with Deenanath Mangeshkar Hospital
260 ## - PUBLICATION, DISTRIBUTION, ETC. (IMPRINT)
Date of publication, distribution, etc. 2008
Name of publisher, distributor, etc. Pune University
Place of publication, distribution, etc. Pune
300 ## - PHYSICAL DESCRIPTION
Extent 73p
520 ## - SUMMARY, ETC.
Summary, etc. Ketkar L
906 ## - LOCAL DATA ELEMENT F, LDF (RLIN)
b General
Holdings
Withdrawn status Lost status Damaged status Not for loan Home library Current library Date acquired Vendor Total Checkouts Full call number Barcode Date last seen Bill Date Koha item type Original Barcode
        Smt. Hiraben Nanavati Institute of Management & Research for Women Smt. Hiraben Nanavati Institute of Management & Research for Women 21/11/2008 HNIMR   JAW HIMR-PR-303 07/10/2022 21/11/2008 Project Reports PR0303